[Event "Espalion Op"]
[Site "Espalion"]
[Date "2017.07.16"]
[Round "2.29"]
[White "Menardo, Philippe"]
[Black "Brun, Emilie"]
[Result "1-0"]
[WhiteElo "1631"]
[BlackElo "1130"]
[PlyCount "147"]
[EventDate "2017.??.??"]

1. c4 e5 2. e3 d6 3. Nc3 Nf6 4. d4 Nc6 5. d5 Ne7 6. Nf3 c5 7. dxc6 bxc6 8. e4
Bg4 9. h3 Bxf3 10. gxf3 d5 11. cxd5 cxd5 12. Qa4+ Qd7 13. Bb5 d4 14. Bxd7+ Nxd7
15. Nb5 Nc5 16. Nd6+ Kd8 17. Nxf7+ Kc8 18. Qe8+ Kb7 19. Nd6+ Kc7 20. Nb5+ Kb7
21. Nd6+ Kc7 22. Qxa8 Kxd6 23. b3 Nd3+ 24. Ke2 Nf4+ 25. Bxf4 exf4 26. Rhd1 Nc6
27. Rac1 Nb4 28. e5+ Kxe5 29. Qe4+ Kf6 30. Qxf4+ Kg6 31. Rg1+ Kh5 32. Rc8 h6
33. Rxf8 Rxf8 34. Qxf8 g5 35. Qf7+ Kh4 36. Rg4+ Kxh3 37. Rxd4 Nc6 38. Qe6+ Kh2
39. Qxc6 h5 40. Qc7+ Kg2 41. Qxa7 g4 42. f4 h4 43. f5 h3 44. Qb7+ Kg1 45. f6 h2
46. f7 h1=Q 47. Rd1+ Kh2 48. Qc7+ Kh3 49. Rd3+ Qf3+ 50. Rxf3+ gxf3+ 51. Kxf3
Kh4 52. f8=R Kh5 53. a4 Kh6 54. a5 Kh5 55. a6 Kh4 56. a7 Kh5 57. a8=R Kh6 58.
b4 Kh5 59. b5 Kh4 60. b6 Kh5 61. b7 Kh6 62. b8=R Kh5 63. Rg8 Kh4 64. Ke4 Kh5
65. f4 Kh6 66. f5 Kh5 67. f6 Kh4 68. f7 Kh3 69. f8=R Kh4 70. Rf4+ Kh3 71. Rb3+
Kh2 72. Ra2+ Kh1 73. Rh8+ Kg1 74. Qc5# 1-0

[Event "Espalion Op"]
[Site "Espalion"]
[Date "2017.07.16"]
[Round "2.30"]
[White "Muller-Moingt, Bastien"]
[Black "Mourgues, Joelle"]
[Result "0-1"]
[WhiteElo "1114"]
[BlackElo "1624"]
[PlyCount "70"]
[EventDate "2017.??.??"]

1. e4 c5 2. Nf3 d6 3. d4 cxd4 4. Nxd4 Nf6 5. Nc3 a6 6. Bd3 e6 7. Bg5 Be7 8. O-O
Nc6 9. Nxc6 bxc6 10. Re1 O-O 11. Bxf6 Bxf6 12. Qf3 e5 13. Red1 Be6 14. Qe3 a5
15. a3 Rb8 16. b3 Qc7 17. Rab1 d5 18. Qe2 Rfd8 19. Rb2 d4 20. Nb1 c5 21. c4 Rb6
22. Nd2 Bg5 23. h3 Rdb8 24. Rbb1 Qe7 25. Qh5 g6 26. Qf3 Bxd2 27. Rxd2 Rxb3 28.
Rxb3 Rxb3 29. a4 Qg5 30. Qe2 Ra3 31. Bc2 Bxh3 32. g3 Bg4 33. Qe1 Bf3 34. Qf1
Qh5 35. Qb1 Qh1# 0-1

[Event "Espalion Op"]
[Site "Espalion"]
[Date "2017.07.16"]
[Round "2.31"]
[White "Boulier, Rene"]
[Black "Regis, Gabriel"]
[Result "1-0"]
[WhiteElo "1608"]
[BlackElo "1009"]
[PlyCount "45"]
[EventDate "2017.??.??"]

1. e4 e5 2. Nf3 b6 3. Nxe5 f6 4. Qh5+ Ke7 5. Nc4 Nh6 6. d4 b5 7. Qxb5 Nc6 8. e5
fxe5 9. Nxe5 Nxd4 10. Qc4 Ba6 11. Qxd4 Bxf1 12. Bg5+ Ke6 13. Bxd8 Be7 14. Bxe7
Rhe8 15. Qxd7+ Kxe5 16. Qxc7+ Kd5 17. Rxf1 Rxe7+ 18. Qxe7 Ng4 19. Nc3+ Kc6 20.
O-O-O Nxf2 21. Rd6+ Kc5 22. Qc7+ Kb4 23. a3# 1-0

[Event "Espalion Op"]
[Site "Espalion"]
[Date "2017.07.16"]
[Round "2.32"]
[White "Regis, Pierre"]
[Black "Deceuninck, Andre"]
[Result "0-1"]
[WhiteElo "1009"]
[BlackElo "1578"]
[PlyCount "26"]
[EventDate "2017.??.??"]

1. f4 Nf6 2. Na3 d5 3. d3 Bf5 4. Be3 Nc6 5. Qd2 e6 6. O-O-O Bxa3 7. Nh3 Bd6 8.
Ng5 O-O 9. Qc3 d4 10. Rg1 dxc3 11. bxc3 Nd5 12. d4 Nxe3 13. Rd3 Bxf4 0-1

[Event "Espalion Op"]
[Site "?"]
[Date "2017.07.17"]
[Round "3.1"]
[White "Cornette, Matthieu"]
[Black "Flear, Christine"]
[Result "0-1"]
[WhiteElo "2606"]
[BlackElo "2078"]
[PlyCount "80"]
[EventDate "2017.??.??"]

1. c4 e6 2. g3 d5 3. Bg2 Nf6 4. Nf3 Be7 5. O-O O-O 6. d4 dxc4 7. Ne5 c6 8. Nc3
Nd5 9. Nxc4 Nd7 10. a4 a5 11. e4 Nb4 12. e5 Nb6 13. Nxb6 Qxb6 14. Be3 Nd5 15.
Qg4 f5 16. exf6 Bxf6 17. Ne4 Bxd4 18. Bxd4 Qxd4 19. Rad1 Qxb2 20. Qh4 b6 21.
Rd2 Qb4 22. Rc1 Bd7 23. Rdd1 Kh8 24. Bf1 Ra7 25. Rb1 Qxa4 26. Bd3 Rb7 27. Qh5
Be8 28. Qh3 Bg6 29. Re1 Bf5 30. Qf1 Nb4 31. Bc4 c5 32. g4 Bxg4 33. Nd6 Re7 34.
Re4 Bf3 35. Rxe6 Rxe6 36. Bxe6 Qc2 37. Bf7 Qd2 38. Qh3 Qxd6 39. Qxf3 Qe7 40.
Rd1 h6 0-1

[Event "Espalion Op"]
[Site "Espalion"]
[Date "2017.07.17"]
[Round "3.2"]
[White "Sulava, Nenad"]
[Black "Israel, Gregory"]
[Result "1-0"]
[WhiteElo "2480"]
[BlackElo "2043"]
[PlyCount "99"]
[EventDate "2017.??.??"]

1. Nf3 d5 2. c4 c6 3. cxd5 cxd5 4. d4 Nc6 5. Nc3 e6 6. Bf4 Bd6 7. Bg3 Nf6 8. e3
Ne4 9. Nxe4 dxe4 10. Nd2 f5 11. Bb5 O-O 12. O-O f4 13. exf4 Nxd4 14. Bc4 Bxf4
15. Nxe4 b5 16. Bd3 e5 17. Bxb5 Bb7 18. Bc4+ Kh8 19. Re1 Bxg3 20. hxg3 Qb6 21.
Re3 Bxe4 22. Rxe4 Qxb2 23. Qe1 Rxf2 24. Qxf2 Qxa1+ 25. Kh2 Qc1 26. Qf7 Qg5 27.
Qc7 Re8 28. Qxa7 Nf5 29. Qf2 Qh6+ 30. Kg1 Qc1+ 31. Qe1 Qb2 32. Bb3 g6 33. Kh2
Nd4 34. Re3 Rf8 35. Bd5 Rf2 36. Qa5 Qb8 37. a4 Rf5 38. Qa8 Qxa8 39. Bxa8 Rf8
40. Bd5 Re8 41. a5 Re7 42. a6 Kg7 43. Bb7 Nb5 44. g4 h6 45. Rb3 Na7 46. Be4 g5
47. Rb6 Kf8 48. Rxh6 Rg7 49. Kg3 Rc7 50. Rf6+ 1-0

[Event "Espalion Op"]
[Site "Espalion"]
[Date "2017.07.17"]
[Round "3.3"]
[White "Daulyte, Deimante"]
[Black "Verot, Melanie"]
[Result "1-0"]
[WhiteElo "2419"]
[BlackElo "2024"]
[PlyCount "143"]
[EventDate "2017.??.??"]

1. e4 d5 2. exd5 Qxd5 3. Nc3 Qd8 4. d4 Nf6 5. Nf3 Bg4 6. h3 Bxf3 7. Qxf3 c6 8.
Bf4 e6 9. O-O-O Be7 10. g4 Nd5 11. Nxd5 Qxd5 12. Qxd5 cxd5 13. Bd3 Nc6 14. c3
Rc8 15. Kd2 Bh4 16. Be3 f6 17. f4 O-O 18. Rhf1 a6 19. b3 g6 20. Be2 Rfd8 21.
Kc1 b5 22. Kb2 Kf7 23. Ra1 Ra8 24. b4 Ke7 25. a4 Na7 26. axb5 Nxb5 27. Ra5 Nd6
28. Rxa6 Rxa6 29. Bxa6 Ra8 30. Bd3 f5 31. Ra1 Rxa1 32. Kxa1 Kd7 33. Ka2 fxg4
34. hxg4 h5 35. Be2 Be1 36. gxh5 gxh5 37. Bxh5 Bxc3 38. Kb3 Be1 39. Bg6 Nc4 40.
Bg1 Bg3 41. f5 exf5 42. Bxf5+ Kc6 43. Ka4 Be1 44. Bg6 Nb6+ 45. Kb3 Nc4 46. Be8+
Kb6 47. Bf7 Nd2+ 48. Ka4 Nf3 49. Be3 Bc3 50. Bxd5 Bxd4 51. Bf4 Ne5 52. Bg5 Kc7
53. b5 Kd6 54. Bg8 Nd7 55. Ka5 Kc7 56. Bf4+ Be5 57. Be3 Kb8 58. Be6 Kc7 59. Bd5
Kd6 60. Bc6 Kc7 61. Bf3 Bd6 62. Ka6 Nc5+ 63. Ka7 Nd7 64. Bg2 Be5 65. Bh3 Nf6
66. b6+ Kd8 67. b7 Nd5 68. Bc5 Ne7 69. Bg2 Kd7 70. Ka8 Bc7 71. Ba7 Nf5 72. Bh3
1-0

[Event "Espalion Op"]
[Site "Espalion"]
[Date "2017.07.17"]
[Round "3.4"]
[White "Moingt, Jean-Claude"]
[Black "Genzling, Alain"]
[Result "0-1"]
[WhiteElo "2155"]
[BlackElo "2381"]
[PlyCount "98"]
[EventDate "2017.??.??"]

1. Nf3 c5 2. e4 e6 3. d3 Nc6 4. g3 d6 5. Bg2 g6 6. O-O Bg7 7. c3 Nge7 8. h4 h6
9. Na3 a6 10. Nc2 b5 11. d4 cxd4 12. Nfxd4 Rb8 13. Be3 Ne5 14. a4 Nc4 15. axb5
Nxe3 16. Nxe3 axb5 17. Qb3 Qb6 18. Rfd1 O-O 19. Qb4 Rd8 20. Bf1 Bd7 21. Ndc2
Be8 22. Nd4 Nc6 23. Nxc6 Bxc6 24. Rxd6 Rxd6 25. Qxd6 Bxe4 26. Qxb6 Rxb6 27. Ra5
b4 28. Ra4 bxc3 29. bxc3 f5 30. Rb4 Rc6 31. Rb8+ Kh7 32. c4 Bd4 33. Rd8 Bc5 34.
Rd7+ Kg8 35. Rd8+ Kf7 36. Rd7+ Kf6 37. Nd1 Ra6 38. Nc3 Bf3 39. Rd3 Bc6 40. Rd1
Ra3 41. Rd3 Ra1 42. Rd1 Ra3 43. Rd3 Bb4 44. Nb5 Ra1 45. Rb3 Bc5 46. Nc3 Rc1 47.
Na2 Rc2 48. Nb4 Rxf2 49. Nd3 Rg2+ 0-1

[Event "Espalion Op"]
[Site "Espalion"]
[Date "2017.07.17"]
[Round "3.6"]
[White "Lagunes, Jean-Renaud"]
[Black "Menard, Baptiste"]
[Result "1/2-1/2"]
[WhiteElo "1951"]
[BlackElo "2167"]
[PlyCount "100"]
[EventDate "2017.??.??"]

1. e4 e5 2. Nf3 Nc6 3. Bb5 g6 4. O-O Bg7 5. c3 d6 6. d4 Bd7 7. Bg5 Nge7 8. a4
O-O 9. d5 Nb8 10. Bxd7 Nxd7 11. c4 Nc5 12. Nc3 a5 13. Ra3 b6 14. Qd2 Qd7 15. h3
f5 16. Re1 f4 17. Bxe7 Qxe7 18. Nh2 h5 19. f3 Bf6 20. Rd1 Bh4 21. Ne2 Bg3 22.
Nxg3 fxg3 23. Nf1 h4 24. Qe2 Rf4 25. Ne3 Raf8 26. Ng4 Kg7 27. Qd2 Qg5 28. Qe1
R8f7 29. Qe2 Qd8 30. Qc2 Qf8 31. Qe2 Qe8 32. Qc2 Qh8 33. Qd2 Rxg4 34. fxg4 Nxe4
35. Qe2 Rf4 36. Rf3 Qf8 37. Rdf1 Nf2 38. R1xf2 gxf2+ 39. Qxf2 g5 40. Qe3 Rxf3
41. gxf3 Qf6 42. b3 Kf7 43. Kf2 Ke8 44. Qe4 Kd8 45. Ke3 Kc8 46. Kd3 Kb7 47. Qf5
Qg7 48. Ke4 Kb8 49. Qe6 Qh7+ 50. Qf5 Qg7 1/2-1/2

[Event "Espalion Op"]
[Site "Espalion"]
[Date "2017.07.17"]
[Round "3.7"]
[White "Larcheveque, Francois"]
[Black "Flear, Glenn C"]
[Result "0-1"]
[WhiteElo "2023"]
[BlackElo "2455"]
[PlyCount "114"]
[EventDate "2017.??.??"]

1. d4 Nf6 2. c4 g6 3. Nf3 Bg7 4. g3 O-O 5. Bg2 d5 6. cxd5 Nxd5 7. O-O Nc6 8.
Nc3 Nb6 9. e3 Re8 10. Re1 a5 11. b3 e5 12. dxe5 Nxe5 13. Nd4 Bg4 14. f3 Nxf3+
15. Bxf3 Bxf3 16. Qxf3 Bxd4 17. Bb2 Qf6 18. Qxf6 Bxf6 19. Rab1 Rad8 20. Nb5
Bxb2 21. Rxb2 Re5 22. Na3 Rd3 23. Kf2 f5 24. h4 Kf7 25. Ree2 Kf6 26. Rbc2 c6
27. Nc4 Nxc4 28. Rxc4 c5 29. Kf3 b5 30. Rc1 Ke6 31. Rcc2 h6 32. Rc1 Kd5 33.
Rcc2 Re4 34. Rc1 b4 35. Rcc2 c4 36. bxc4+ Rxc4 37. Rb2 Ke5 38. Rb1 Rcc3 39. Rh1
Rc4 40. Rg1 Rdc3 41. Rgg2 Rc1 42. Rd2 Rf1+ 43. Ke2 Rcc1 44. g4 Rce1+ 45. Kd3
Rf3 46. gxf5 Rexe3+ 47. Kc2 gxf5 48. Rg6 Rc3+ 49. Kb2 a4 50. Rg1 a3+ 51. Kb1 f4
52. Rd8 Rf2 53. Rgd1 Rb2+ 54. Ka1 Rcc2 55. Re1+ Kf5 56. Rf8+ Kg4 57. Rg1+ Kh3
0-1

[Event "Espalion Op"]
[Site "Espalion"]
[Date "2017.07.17"]
[Round "3.8"]
[White "Muratet Casadevall, Albert"]
[Black "Joliez, Didier"]
[Result "1-0"]
[WhiteElo "2201"]
[BlackElo "1901"]
[PlyCount "61"]
[EventDate "2017.??.??"]

1. e4 e5 2. Nf3 Nc6 3. d4 exd4 4. Nxd4 Bc5 5. Nb3 Bb6 6. Nc3 Qf6 7. Qe2 Nd4 8.
Nxd4 Qxd4 9. Be3 Qb4 10. O-O-O Ne7 11. Kb1 Bxe3 12. Qxe3 Qb6 13. Qg3 O-O 14. f4
a5 15. a3 Qc5 16. Be2 b5 17. Nd5 b4 18. a4 Bb7 19. Nf6+ Kh8 20. Nxd7 Qa7 21.
Nxf8 Rxf8 22. Rd7 Bxe4 23. Rxe7 Bxc2+ 24. Ka1 Bxa4 25. Qe3 Qb7 26. Bf3 Qb5 27.
Qe5 c5 28. Rb7 Qc4 29. Bd5 Qd3 30. Rxf7 Rxf7 31. Qb8+ 1-0

[Event "Espalion Op"]
[Site "Espalion"]
[Date "2017.07.17"]
[Round "3.9"]
[White "Estadieu, Romeo"]
[Black "Labarrere, Daniel"]
[Result "1-0"]
[WhiteElo "2049"]
[BlackElo "1816"]
[PlyCount "85"]
[EventDate "2017.??.??"]

1. d4 d5 2. c4 e6 3. Nc3 Bb4 4. Qa4+ Nc6 5. Nf3 Nf6 6. a3 Bxc3+ 7. bxc3 Bd7 8.
cxd5 exd5 9. Qc2 O-O 10. e3 Re8 11. Bd3 Bg4 12. Nd2 Bh5 13. O-O Bg6 14. Bxg6
hxg6 15. c4 Qd7 16. Rb1 b6 17. Bb2 Rac8 18. Rbc1 Na5 19. cxd5 Qxd5 20. Rfe1 Qh5
21. e4 Qb5 22. Rb1 Qd7 23. Bc3 Nb7 24. f3 Qe7 25. a4 a5 26. Nc4 Nh5 27. Qb2 Nf4
28. Qd2 g5 29. g3 Ne6 30. Qe3 Nd6 31. Nxd6 Qxd6 32. d5 Nc5 33. Qxg5 Qf8 34. e5
Nxa4 35. Bd4 Nc5 36. Rbc1 Nd3 37. Re4 Nxc1 38. Rh4 Ne2+ 39. Kg2 g6 $4 (39...
Nxd4 $19) 40. Bb2 (40. e6 Nxd4 41. Qf6 Qg7 42. exf7+ Kf8 43. fxe8=R+ Kxe8 44.
Qxg7) 40... Qc5 (40... Qg7) 41. Qf6 Qg1+ 42. Kh3 Qf1+ 43. Kg4 1-0

[Event "Espalion Op"]
[Site "Espalion"]
[Date "2017.07.17"]
[Round "3.10"]
[White "Kozlowski, Thierry"]
[Black "Colandrea, Sauveur"]
[Result "1-0"]
[WhiteElo "1951"]
[BlackElo "1752"]
[PlyCount "61"]
[EventDate "2017.??.??"]

1. d4 d6 2. c4 Nf6 3. Nc3 g6 4. e4 Bg7 5. Be2 O-O 6. Bg5 c5 7. d5 a6 8. a4 Qc7
9. Qd2 Re8 10. f4 Nbd7 11. Nf3 e6 12. dxe6 Rxe6 13. Qd3 b6 14. O-O Bb7 15. Nd2
Rae8 16. Bf3 Qb8 17. Bh4 Qa8 18. Rfe1 h5 19. Nd5 Qb8 20. Rab1 b5 21. axb5 axb5
22. b3 Ng4 23. Re2 Bd4+ 24. Kh1 f5 25. h3 Nh6 26. Rbe1 Bf6 27. Bxf6 Bxd5 28.
Bg5 Bxe4 29. Nxe4 fxe4 30. Bxe4 Nf5 31. Bd5 1-0

[Event "Espalion Op"]
[Site "Espalion"]
[Date "2017.07.17"]
[Round "3.11"]
[White "Flaujac, Benoit"]
[Black "Libiszewski, Fabien"]
[Result "0-1"]
[WhiteElo "1809"]
[BlackElo "2542"]
[PlyCount "114"]
[EventDate "2017.??.??"]

1. e4 c5 2. c3 d6 3. d4 Qc7 4. Nf3 Nf6 5. Bd3 g6 6. h3 Bg7 7. O-O O-O 8. Be3 e5
9. Na3 a6 10. Rc1 b5 11. Nd2 Nh5 12. Be2 Nf4 13. Bxf4 exf4 14. Bf3 Bb7 15. e5
dxe5 16. Ne4 exd4 17. cxd4 c4 18. b3 Qa5 19. Nb1 cxb3 20. axb3 Nd7 21. Nc5 Nxc5
22. dxc5 Rad8 23. Qc2 Bxf3 24. gxf3 Qc7 25. c6 Rd6 26. Rfd1 Rxd1+ 27. Rxd1 Rc8
28. Rc1 b4 29. Qe4 a5 30. Rc4 Qd6 31. Kg2 h6 32. Qc2 f5 33. Qc1 Kh7 34. Qc2 Be5
35. Nd2 Rd8 36. Rc5 Bc3 37. c7 Rc8 38. Rxc3 bxc3 39. Qxc3 Qxc7 40. Qf6 Rb8 41.
Nc4 Rxb3 42. Nxa5 Rb5 43. Nc6 Rb6 44. Qe7+ Qxe7 45. Nxe7 Rd6 46. Nc8 Rd7 47.
Nb6 Rd4 48. Na8 Kg7 49. Nc7 Kf6 50. Nb5 Rd3 51. Na7 Ke6 52. Nc6 Kd6 53. Nd8 Rb3
54. Nf7+ Ke6 55. Nd8+ Kd5 56. Nf7 Rb8 57. Nxh6 Ke6 0-1

[Event "Espalion Op"]
[Site "Espalion"]
[Date "2017.07.17"]
[Round "3.12"]
[White "Masson, Valentin"]
[Black "Grichkevitch, Gilles"]
[Result "1/2-1/2"]
[WhiteElo "1733"]
[BlackElo "1990"]
[PlyCount "69"]
[EventDate "2017.??.??"]

1. d4 Nf6 2. Bf4 g6 3. e3 Bg7 4. h3 d6 5. Nf3 O-O 6. Be2 e6 7. c4 Ne4 8. Nbd2
Nxd2 9. Qxd2 Qe7 10. Bh2 f5 11. O-O Nd7 12. Rac1 b6 13. b4 Nf6 14. Qc2 a5 15.
a3 axb4 16. axb4 Ne4 17. Nd2 Nxd2 18. Qxd2 e5 19. c5 f4 20. dxe5 dxe5 21. exf4
bxc5 22. Rxc5 Be6 23. fxe5 Ra2 24. Qe3 Rb2 25. Rfc1 Qh4 26. b5 Bh6 27. f4 Rxf4
28. Bxf4 Bxf4 29. Qd3 Bxc1 30. Rxc1 Rb3 31. Qd2 Rxh3 32. gxh3 Qg3+ 33. Kh1
Qxh3+ 34. Kg1 Qg3+ 35. Kh1 1/2-1/2

[Event "Espalion Op"]
[Site "Espalion"]
[Date "2017.07.17"]
[Round "3.13"]
[White "Uliczny, Kevin"]
[Black "Crouzet, Emeric"]
[Result "1/2-1/2"]
[WhiteElo "1690"]
[BlackElo "1950"]
[PlyCount "131"]
[EventDate "2017.??.??"]

1. e4 c5 2. Nf3 e6 3. d4 cxd4 4. Nxd4 a6 5. Nc3 Qc7 6. a3 b5 7. Bd2 Bb7 8. Be2
Nf6 9. f3 Bc5 10. Be3 O-O 11. Qd2 d5 12. exd5 Nxd5 13. Nxd5 Bxd5 14. Qc3 Rc8
15. Rc1 Nd7 16. Nb3 Bb6 17. Qxc7 Rxc7 18. Bxb6 Nxb6 19. Nd4 e5 20. Nf5 Na4 21.
Rb1 Ba2 22. Ra1 Be6 23. Ne3 Nxb2 24. Kf2 f5 25. Rab1 Na4 26. Bd3 g6 27. Rhe1
Kf7 28. Nd1 Kf6 29. Nb2 Nc3 30. Ra1 e4 31. fxe4 fxe4 32. Bxe4 Nxe4+ 33. Rxe4
Rxc2+ 34. Re2 Rac8 35. Rae1 Bg4 36. Rxc2 Rxc2+ 37. Kg3 h5 (37... Rxb2 38. Kxg4
Rxg2+ 39. Kh3 Rb2) 38. Nd1 Rc1 39. Rf1+ Ke5 40. Ne3 Rxf1 41. Nxf1 Kd4 42. Kf4
Kc3 43. Kg5 Bf5 44. Ne3 Be4 45. Kf4 Bd3 46. Nd5+ Kb3 47. Nb4 Bf1 48. Nxa6 Bxg2
49. Kg5 Kxa3 50. Kxg6 h4 51. Kg5 h3 52. Kf4 b4 53. Nxb4 Kxb4 54. Ke3 Kc3 55.
Kf2 Kd4 56. Kg1 Ke4 57. Kf2 Kf4 58. Kg1 Bd5 59. Kf2 Kg4 60. Ke3 Bc4 61. Kf2 Kf4
62. Kg1 Kf3 63. Kh1 Bd5 64. Kg1 Bc6 65. Kf1 Ke3 66. Kg1 1/2-1/2

[Event "Espalion Op"]
[Site "Espalion"]
[Date "2017.07.17"]
[Round "3.14"]
[White "Dubois, Martine"]
[Black "Veschambre, Antoine"]
[Result "1/2-1/2"]
[WhiteElo "1946"]
[BlackElo "1682"]
[PlyCount "124"]
[EventDate "2017.??.??"]

1. e4 Nf6 2. e5 Nd5 3. d4 d6 4. c4 Nb6 5. exd6 exd6 6. Bd3 Be7 7. Nc3 O-O 8.
Be3 Re8 9. Nf3 Bg4 10. h3 Bxf3 11. Qxf3 Nc6 12. O-O Bf6 13. Rad1 g6 14. Be2 Bg7
15. c5 Nc8 16. Bc4 Rf8 17. a3 N8e7 18. cxd6 cxd6 19. g4 Rc8 20. Ba2 Qb6 21. Rd2
Na5 22. d5 Qa6 23. Ne4 Nc4 24. Bxc4 Rxc4 25. Nf6+ Kh8 26. Nd7 Rfc8 27. Qxf7 Ng8
28. Re1 Qb5 29. a4 Qxa4 30. b3 Qxb3 31. Qe6 Qb4 32. Rde2 Re4 33. Ne5 Rf8 34.
Nf7+ Rxf7 35. Qxf7 Rxg4+ 36. Kh1 Rh4 37. Kg2 Rg4+ 38. Kh1 Rh4 39. Qf3 Be5 40.
Bg5 Rd4 41. Rxe5 dxe5 42. Bf6+ Nxf6 43. Qxf6+ Kg8 44. Qxe5 Rh4 45. Qe6+ Kg7 46.
Qd7+ Kh6 47. Re3 Re4 48. Rxe4 Qxe4+ 49. Kh2 Qe5+ 50. Kg2 Qe4+ 51. Kg3 Qe5+ 52.
Kf3 Qh5+ 53. Ke3 Qe5+ 54. Kd3 Qb2 55. f4 Qb1+ 56. Kd4 Qb2+ 57. Ke4 Qe2+ 58. Kd4
Qb2+ 59. Ke3 Qc3+ 60. Ke4 Qe1+ 61. Kd4 Qf2+ 62. Ke4 Qe2+ 1/2-1/2

[Event "Espalion Op"]
[Site "Espalion"]
[Date "2017.07.17"]
[Round "3.15"]
[White "Verat-Fayolle, Celian"]
[Black "Pass, Deborah J"]
[Result "1/2-1/2"]
[WhiteElo "1678"]
[BlackElo "1920"]
[PlyCount "99"]
[EventDate "2017.??.??"]

1. e4 d5 2. exd5 Nf6 3. Nc3 Nxd5 4. Bc4 Nb6 5. Bb3 Nc6 6. Qf3 e6 7. Nge2 Bd6 8.
O-O O-O 9. Ne4 Be7 10. d3 a5 11. a4 Nd5 12. c3 Nf6 13. d4 e5 14. Be3 exd4 15.
Bxd4 Nxd4 16. Nxd4 Nxe4 17. Qxe4 Bf6 18. Rad1 Re8 19. Qf3 Qe7 20. Nc2 Qc5 21.
Rfe1 Bf5 22. Nd4 Bg6 23. Qxb7 Bxd4 24. cxd4 Qd6 25. Qd5 Qb4 26. Rxe8+ Rxe8 27.
h3 h6 28. Qc6 Re1+ 29. Rxe1 Qxe1+ 30. Kh2 Kh7 31. Qxc7 Qxf2 32. Qe5 Qxb2 33.
Bd1 Qd2 34. Bg4 f6 35. Qc5 Qf4+ 36. Kg1 Qe3+ 37. Kh1 Qe1+ 38. Kh2 Qf2 39. Bf3
h5 40. Qd6 h4 41. d5 Qd4 42. Qc7 Qxa4 43. d6 Qf4+ 44. Kh1 Qe5 45. Qd8 Bf5 46.
d7 Qe1+ 47. Kh2 Qd2 48. Qa8 Qf4+ 49. Kh1 Bxd7 50. Qxa5 1/2-1/2

[Event "Espalion Op"]
[Site "Espalion"]
[Date "2017.07.17"]
[Round "3.16"]
[White "Lagunes, Robin"]
[Black "Menardo, Philippe"]
[Result "1-0"]
[WhiteElo "1893"]
[BlackElo "1631"]
[PlyCount "35"]
[EventDate "2017.??.??"]

1. e4 c6 2. d4 d5 3. Nc3 dxe4 4. Nxe4 Nf6 5. Ng3 Nbd7 6. Nf3 Nb6 7. Ne5 Nbd7 8.
f4 Nxe5 9. fxe5 Bg4 10. Qd3 Nd5 11. a3 Qa5+ 12. Bd2 Qb6 13. b3 g6 14. h3 Bf5
15. Nxf5 gxf5 16. c4 Nc7 17. c5 Qb5 18. Qf3 1-0

[Event "Espalion Op"]
[Site "Espalion"]
[Date "2017.07.17"]
[Round "3.17"]
[White "Mourgues, Joelle"]
[Black "Pascot, Jean"]
[Result "0-1"]
[WhiteElo "1624"]
[BlackElo "1856"]
[PlyCount "76"]
[EventDate "2017.??.??"]

1. Nf3 Nf6 2. d3 g6 3. g3 Bg7 4. Bg2 O-O 5. O-O d6 6. e4 c6 7. Nbd2 Nbd7 8. c3
Rb8 9. a4 Qa5 10. Nc4 Qc7 11. Be3 Ng4 12. h3 Nxe3 13. Nxe3 e6 14. Qc2 b5 15.
axb5 cxb5 16. d4 Bb7 17. Rac1 Rfc8 18. Nd2 Bh6 19. Ng4 Bg7 20. Qd3 Ba6 21. Qe3
e5 22. Nf3 Rf8 23. dxe5 dxe5 24. Rfd1 Bb7 25. Nh4 h5 26. Nh2 Kh7 27. N2f3 Bh6
28. Ng5+ Kg8 29. f4 Bxg5 30. fxg5 Nc5 31. b4 Nb3 32. Rb1 a5 33. Bf1 Qc6 34. Bd3
Qxc3 35. Qe2 Qxb4 36. Bc2 Qc5+ 37. Kh2 Nd4 38. Qe3 Qxc2+ 0-1

[Event "Espalion Op"]
[Site "Espalion"]
[Date "2017.07.17"]
[Round "3.18"]
[White "Le Borgne, Romain"]
[Black "Breton, Vadim"]
[Result "1-0"]
[WhiteElo "1853"]
[BlackElo "1412"]
[PlyCount "105"]
[EventDate "2017.??.??"]

1. e4 e5 2. Nf3 Nc6 3. Bc4 Bc5 4. O-O Nf6 5. d3 h6 6. Nbd2 O-O 7. Nb3 Bb6 8. a4
a5 9. c3 d6 10. Be3 Bxe3 11. fxe3 Ne7 12. Nbd2 c6 13. Bb3 Bg4 14. Qe1 Qc7 15.
h3 Bh5 16. Nh4 d5 17. Qg3 Be2 18. Rxf6 Bxd3 19. Nf5 Nxf5 20. Rxf5 dxe4 21. Qxe5
Qd8 22. Rf2 Kh8 23. Rxf7 Rxf7 24. Bxf7 Qb6 25. Nc4 Bxc4 26. Bxc4 Qxe3+ 27. Kh2
Rd8 28. Rf1 Qd2 29. Rf7 Qd6 30. Qxd6 Rxd6 31. Rf8+ Kh7 32. Re8 Rd2 33. b3 Kg6
34. Rxe4 Kf5 35. Re2 Rd1 36. Re7 Rc1 37. Rxb7 Rxc3 38. Rxg7 Kf4 39. Rg6 Rc1 40.
Rxh6 Ke3 41. Rxc6 Kf2 42. h4 Re1 43. Rf6+ Ke3 44. Re6+ Kd2 45. Rxe1 Kxe1 46. h5
Kf2 47. h6 Ke3 48. h7 Kf4 49. h8=Q Kg5 50. Qf8 Kh5 51. Qg7 Kh4 52. g3+ Kh5 53.
Be2# 1-0

[Event "Espalion Op"]
[Site "Espalion"]
[Date "2017.07.17"]
[Round "3.19"]
[White "Deceuninck, Andre"]
[Black "Montsma, Foppe-Jan"]
[Result "1/2-1/2"]
[WhiteElo "1578"]
[BlackElo "1834"]
[PlyCount "45"]
[EventDate "2017.??.??"]

1. c4 e5 2. Nc3 Nf6 3. Nf3 Nc6 4. g3 Bb4 5. Nd5 Bc5 6. d3 h6 7. Bg2 O-O 8. O-O
d6 9. a3 Nxd5 10. cxd5 Ne7 11. Ne1 c6 12. dxc6 bxc6 13. Nc2 d5 14. d4 Bd6 15.
dxe5 Bxe5 16. Nb4 a5 17. Nd3 Bd6 18. Be3 Nf5 19. Bc5 Bxc5 20. Nxc5 Qb6 21. Na4
Qb5 22. Rc1 Ba6 23. e3 1/2-1/2

[Event "Espalion Op"]
[Site "Espalion"]
[Date "2017.07.17"]
[Round "3.20"]
[White "Rihouey, Franck"]
[Black "Martinez, Felicien"]
[Result "1-0"]
[WhiteElo "1827"]
[BlackElo "1199"]
[PlyCount "69"]
[EventDate "2017.??.??"]

1. d4 Nf6 2. Nf3 g6 3. Nc3 Bg7 4. e4 d6 5. Be3 O-O 6. Qd2 Ng4 7. Bg5 f6 8. Bh4
Nd7 9. Bc4+ Kh8 10. h3 Nh6 11. O-O-O Nf7 12. Bxf7 Rxf7 13. g4 Qf8 14. g5 e5 15.
d5 f5 16. exf5 Rxf5 17. Nh2 a6 18. Ng4 b5 19. Ne3 Rf7 20. Bg3 Nb6 21. h4 h5 22.
gxh6 Bxh6 23. h5 g5 24. Qe2 g4 25. Kb1 Rf3 26. Rdg1 Bd7 27. Bh4 Qf4 28. Rg3
Rxf2 29. Qd3 Rg8 30. Ne2 Qf7 31. Nc3 Rf3 32. Rxf3 gxf3 33. Ne4 Bxe3 34. Bf6+
Kh7 35. Ng5+ 1-0

[Event "Espalion Op"]
[Site "Espalion"]
[Date "2017.07.17"]
[Round "3.21"]
[White "Gerard, Nicolas"]
[Black "Saya, Ethan"]
[Result "1-0"]
[WhiteElo "2189"]
[BlackElo "1775"]
[PlyCount "93"]
[EventDate "2017.??.??"]

1. d4 Nf6 2. c4 g6 3. Nc3 Bg7 4. e4 d6 5. f4 O-O 6. Nf3 c5 7. d5 e6 8. dxe6
Bxe6 9. Bd3 Nc6 10. f5 Bc8 11. O-O Re8 12. Bf4 Ng4 13. Qd2 Nge5 14. Nxe5 dxe5
15. Bg5 Qd4+ 16. Be3 Qd6 17. Rf2 Nd4 18. Nd5 gxf5 19. exf5 e4 20. f6 exd3 21.
fxg7 Kxg7 22. Bh6+ Kh8 23. Bg5 Qg6 24. Bf6+ Kg8 25. Bxd4 cxd4 26. Nf6+ Kf8 27.
Qb4+ Re7 28. Nd5 Qe6 29. Raf1 Ke8 30. Nxe7 Qxe7 31. Qxe7+ Kxe7 32. Rf4 Be6 33.
Rxd4 Rd8 34. Rxd8 Kxd8 35. Rf4 Kc7 36. Rd4 Bf5 37. b4 Kc6 38. Kf2 Bg6 39. Ke3
b5 40. c5 a5 41. a3 axb4 42. axb4 h5 43. Rd6+ Kc7 44. Rxd3 Bxd3 45. Kxd3 Kc6
46. Kd4 h4 47. Ke5 1-0

[Event "Espalion Op"]
[Site "Espalion"]
[Date "2017.07.17"]
[Round "3.22"]
[White "Duvette, Michel"]
[Black "Cavailles, Evan"]
[Result "0-1"]
[WhiteElo "1412"]
[BlackElo "1806"]
[PlyCount "84"]
[EventDate "2017.??.??"]

1. d4 d5 2. Bf4 Nf6 3. Nf3 e6 4. e3 c5 5. c3 Nc6 6. Nbd2 Bd6 7. Bg3 O-O 8. Ne5
Qe7 9. Ndf3 Bd7 10. Bh4 Rfd8 11. Bd3 h6 12. Qc2 Rac8 13. Bh7+ Kh8 14. Bg6 Rf8
15. Bxf7 Bxe5 16. dxe5 Qxf7 17. exf6 gxf6 18. Rd1 e5 19. Bg3 Ne7 20. Nh4 Bb5
21. Qb1 Qh5 22. Rd2 Rfd8 23. b3 d4 24. c4 Bc6 25. O-O Rg8 26. Qd3 Qxh4 27. Qe2
Qg4 28. f3 Qg6 29. Qf2 Nf5 30. e4 Nxg3 31. hxg3 Qxg3 32. Qxg3 Rxg3 33. Kh2 Rcg8
34. Rff2 R3g6 35. Kh3 Rg5 36. g4 h5 37. Rg2 hxg4+ 38. fxg4 Bxe4 39. Rg3 R8g7
40. Rg1 f5 41. Rf2 Rh7+ 42. Kg3 Rxg4# 0-1